000 00921nam2a22002411 4500
001 RU\NLR\INFOCOMM4\1000588222
005 20250617141057.0
035 _a(NLR Aleph) 002653841
090 _a3895113
_c3895113
100 _a20040621d1909 |||y0rusy50 ca
101 0 _arus
102 _aRU
105 _ay |||||||||
200 1 _aВозможно ли вмешательство сатаны в проявлениях спиритизма ?
210 _d1909
_aБ. м.
461 0 _1001RU\NLR\INFOCOMM4\1000588217
_12001#$aОттуда$eБесплатное приложение к №... газеты "Оттуда"$v1909, №5
_93895068
_c[М.]
_d1909
_oБесплатное приложение к №... газеты "Оттуда"
_tОттуда
_v1909, №5
801 1 _aRU
_bInfoComm
_c20040621
801 0 _aRU
_bNLR
_gPSBO
852 _aNLR
_j6/114
942 _cISSUE
980 _aNB
980 _aRUSPER